000 00726nam a2200217Ii 4500
003 JO-AjNU
008 230605s9999||||xx |||||||||||||| ||und||
017 _a2004/12/2975
040 _aJO-AjNU
_bara
_erda
_cJO-AjNU
041 _aara
050 1 4 _aDS38.4.K48.L33 2005
100 3 _aاللحام، صالح عثمان,
_eauthor
_940684
245 0 0 _aأبو مسلم الخرساني: قصة دولتين " سيرة ذاتية"
250 _aط1
264 3 1 _aعمان: دار الحسن، 2005
300 _a96ص
336 _atext
_btxt
_2rdacontent
337 _aunmediated
_bn
_2rdamedia
338 _avolume
_bnc
_2rdacarrier
650 4 _aابومسلم الخرساني -تراجم -تاريخ اسلامي
_940685
999 _aA17286
_c20854
_d20854